书目信息 |
| 题名: |
墨经中的数学和物理学
|
|
| 作者: | 方孝博 著 | |
| 分册: | ||
| 出版信息: | 北京 中国社会科学出版社 1983.7 |
|
| 页数: | 109页 | |
| 开本: | 20cm | |
| 丛书名: | ||
| 单 册: | ||
| 中图分类: | B224.5 | |
| 科图分类: | ||
| 主题词: | 先秦哲学 | |
| 电子资源: | ||
| ISBN: | ||
| 000 | 00566nam0 2200205 45 | |
| 001 | 0211071626 | |
| 005 | 20040428170001.6 | |
| 010 | @dCNY0.50 | |
| 091 | @a2190.072 | |
| 100 | @a20021107d1983 km y0chiy0120 ea | |
| 101 | 0 | @achi |
| 105 | @a z 000yy | |
| 200 | 1 | @a墨经中的数学和物理学@AMo Jing Zhong De Shu Xue He Wu Li Xue@f方孝博著@FFang Xiao Bo Zhu |
| 210 | @a北京@c中国社会科学出版社@d1983.7 | |
| 215 | @a109页@d20cm | |
| 606 | 0 | @a先秦哲学 |
| 690 | @aB224.5@v3 | |
| 701 | 0 | @a方孝博@4著 |
| 801 | @aCN@bTSTC@c20021107 | |
| 905 | @dB224.5@e24@f2@b161519-520 | |
| 墨经中的数学和物理学/方孝博著.-北京:中国社会科学出版社,1983.7 |
| 109页;20cm |
| ISBN :CNY0.50 |
| ● |
| 相关链接 |
|
|
|
|
正题名:墨经中的数学和物理学
索取号:B224.5/24
 
预约/预借
| 序号 | 登录号 | 条形码 | 馆藏地/架位号 | 状态 | 备注 |
| 1 | 0099744 | 001620124 | 密集书库/ [索取号:B224.5/24] | 在馆 | |
| 2 | 0099745 | 001620080 | 密集书库/ [索取号:B224.5/24] | 在馆 | |
| 3 | 0099746 | 001620044 | 密集书库/ [索取号:B224.5/24] | 在馆 | |
| 4 | 0161519 | 000527068 | 第一样本阅览室/ [索取号:B224.5/24] | 在馆 | |
| 5 | 0161520 | 000527102 | 第一借阅区/ [索取号:B224.5/24] | 在馆 |